| 000 | 00607nam a2200193 4500 | ||
|---|---|---|---|
| 001 | 17541 | ||
| 005 | 20230410143531.0 | ||
| 008 | 060907n1997 dr spa | ||
| 020 | _a1886939098 | ||
| 035 | _9funglode17677 | ||
| 041 | _aEN | ||
| 050 | 1 | 4 | _aT 14.5 C652t 1997 |
| 100 | _aCoates, Joseph F. | ||
| 245 | 1 |
_a2025 : _bscenarios of U.S. and global society reshaped by science and technology / _cby Joseph F. Coates, John B. Mahaffie, and Andy Hines. |
|
| 260 |
_aAkron, OH : _bOakhill Press, _c1997 |
||
| 300 | _a516 p. | ||
| 700 | _aMahaffie, John B. \ Hines, Andy. | ||
| 942 |
_2lcc _cbk |
||
| 999 |
_c103440 _d103440 |
||